Prosperity Paradigm: Redefining Economic Success in Viksit Bharat (Record no. 1678952)

MARC details
000 -LEADER
fixed length control field 00577 a2200193 4500
005 - DATE AND TIME OF LATEST TRANSACTION
control field 20260302151303.0
008 - FIXED-LENGTH DATA ELEMENTS--GENERAL INFORMATION
fixed length control field 260302b |||||||| |||| 00| 0 eng d
020 ## - INTERNATIONAL STANDARD BOOK NUMBER
International Standard Book Number 9789395055819
040 ## - CATALOGING SOURCE
Transcribing agency SDCL
041 ## - LANGUAGE CODE
Source of code eng
Language code of text/sound track or separate title eng
084 ## - COLON CLASSIFICATION NUMBER
Classification number V:(X).2'P R5
245 ## - TITLE STATEMENT
Title Prosperity Paradigm: Redefining Economic Success in Viksit Bharat
260 ## - PUBLICATION, DISTRIBUTION, ETC.
Place of publication, distribution, etc. Delhi :
Name of publisher, distributor, etc. Chanakya Publication & Distributors,
Date of publication, distribution, etc. 2025.
300 ## - PHYSICAL DESCRIPTION
Extent ix, 144p.
700 ## - ADDED ENTRY--PERSONAL NAME
Personal name Harpreet, Kaur ed.
700 ## - ADDED ENTRY--PERSONAL NAME
Personal name Nadeem, Uzma ed.
700 ## - ADDED ENTRY--PERSONAL NAME
Personal name Sherma, Divya ed.
942 ## - ADDED ENTRY ELEMENTS (KOHA)
Koha item type Textual
Source of classification or shelving scheme Colon Classification (CC)
700 ## - ADDED ENTRY--PERSONAL NAME
-- 1123497
700 ## - ADDED ENTRY--PERSONAL NAME
-- 1123498
700 ## - ADDED ENTRY--PERSONAL NAME
-- 1123499
999 ## -
-- 1678952
-- 1678952
Holdings
Withdrawn status Lost status Source of classification or shelving scheme Damaged status Not for loan Home library Current library Date acquired Source of acquisition Cost, normal purchase price Inventory number Total checkouts Full call number Barcode Date last seen Cost, replacement price Price effective from Koha item type
    Colon Classification (CC)     South Campus Library South Campus Library 2026-02-07 126 559.20 CPD 931 & 15/12/2025   V:(X).2'P R5 SC1691581 2026-02-07 699.00 2026-02-07 Textual
Copyright @ Delhi University Library System